Comentarios al Cd̤igo Civil y compilaciones forales

Detalles Bibliográficos
Otros Autores: Albaladejo Garca̕, Manuel (Conductor), Cordn̤ Moreno, Faustino (Compilador), Da̕z Alabart, Sl̕via (Conductor), Gutiřrez de Cabiedes, Eduardo (Compilador), Serra Domn̕guez, Manuel (Compilador)
Formato: Desconocido
Lenguaje:español
Publicado: Madrid : Revista de Derecho Privado : Editoriales de Derecho Reunidas, D.L. 1991
Edición:(2® ed.)
Materias:
Acceso en línea:Acceso restringido

MARC

LEADER 00000ny a22000003n 4500
005 20110606115211.0
008 080718s1991 sp s 000 0 spa c
020 |a 8471303302 
035 |a 511 
040 |a UMA.DER  |d vLex 
040 |a UMA.RE  |d vLex 
080 |a 347(460) 
090 |c 478  |d 478 
245 0 0 |a Comentarios al Cd̤igo Civil y compilaciones forales  |h [Recurso electrn̤ico]  |c dirigidos por Manuel Albaladejo y Silvia Da̕z Alabart 
250 |a (2® ed.) 
256 |a Servicio en ln̕ea 
260 |a Madrid :  |b Revista de Derecho Privado :  |b Editoriales de Derecho Reunidas,  |c D.L. 1991 
505 0 |t Tomo XVI, Vol 2©Œ, Artc̕ulos 1214 a 1253 del Codigo Civil /  |r comentados por Faustino Cordn̤ Moreno, Eduardo Gutiřrez de Cabiedes, Manuel Serra Domn̕guez 
506 1 |a Contenido solo disponible en los productos indicados  |d vLex Global  |d vLex Global (Academic Edition, excluding Law Schools)  |d vLex Global (U.S. Academic Edition, Law Schools)  |d vLex Global (U.S. Academic Edition, excluding Law Schools)  |d vLex Global (Academic Edition, Law Schools) 
650 0 7 |2 Tesauro vLex  |a Civil 
650 0 7 |2 Tesauro vLex  |a Cd̤igo civil 
650 0 7 |2 Tesauro vLex  |a Obligaciones 
650 0 7 |2 Tesauro vLex  |a Confesin̤ judicial 
650 0 7 |2 Tesauro vLex  |a Presunciones 
650 0 7 |2 Tesauro vLex  |a Prueba documental 
650 0 7 |2 Tesauro vLex  |a Prueba pericial 
650 0 7 |2 Tesauro vLex  |a Prueba testifical 
700 1 |a Albaladejo Garca̕, Manuel,  |e dir 
700 1 |a Cordn̤ Moreno, Faustino,  |e com 
700 1 |a Da̕z Alabart, Sl̕via,  |e dir 
700 1 |a Gutiřrez de Cabiedes, Eduardo,  |e com 
700 1 |a Serra Domn̕guez, Manuel,  |e com 
740 0 |a vLex Libros (Servicios en ln̕ea) 
856 4 0 |z Acceso restringido  |u http://vlex.com/source/511 
942 |c BOOK 
999 0 |a Civil law  |b Madrid